000 00807cam a2200241 a 4500
001 16452064
005 20180122043456.0
008 100909s2010 nyua 001 0 eng
010 _a 2010483689
020 _a9781599417042 (hbk.)
020 _a9781599417059 (pbk. ; teacher's manual)
040 _aDLC
_cDLC
041 _aeng
043 _an-us---
080 _a34 VIC
100 1 _a14
101 _aJUR
245 1 0 _aProsser, Wade, and Schwartz's torts :
_cby Victor E. Schwartz, Kathryn Kelly, David F. Partlett.
504 _aIncludes bibliographical references (p. ix-x) and index.
906 _a7
_bcbc
_corigcop
_d2
_encip
_f20
_gy-gencatlg
942 _2ddc
_cBK
999 _c40647
_d40647